Responses for Show #6031 - Monday, November 29, 2010

Contestants

[<< previous game]

Charlie Penrod, an assistant professor of law from Natchitoches, Louisiana

Kristin Anderson, a director of communications from Seattle, Washington

Judy Shewmake, a retired middle school history teacher from Murfreesboro, Tennessee (whose 1-day cash winnings total $20,801)

[next game >>]

Jeopardy! Round responses

COUNTRY NICKNAMES
HOLLYWOOD UGLY
2010 20th ANNIVERSARIES
THAT'S GREAT, PETER THE GREAT!
RHYMIN' FRED
A MURDER INVESTIGATION
(Kyra Sedgwick: I'm Kyra Sedgwick. I play Deputy Chief Brenda Leigh Johnson on The Closer. Come along with me on...)
    $200 3
Canada

Charlie
    $200 11
(Alex: I'm not sure I'm buying that one!)

Sandra Bullock

Kristin
    $200 14
the Hubble Telescope

Charlie
    $200 8
the Kremlin

Charlie
    $200 25
the Fed

Judy
    $200 1
time of death

Judy
    $400 4
New Zealand

Charlie
    $400 12
10 Things I Hate About You

Triple Stumper
    $400 18
(Kristin: What is the fall of the Berlin Wall?)

German Unification

Kristin
Triple Stumper
    $400 9
(Judy: What is 6 feet?)
(Charlie: What is 5 feet?)
[Judy attempts to ring in again]
(Alex: Judy, you can't ring in again.)
(Judy: I'm sorry!)
(Alex: Kristin?)
(Kristin: What is 4 feet?)
(Alex: No! You guys were going in the wrong direction. He was very tall. He was almost [*] tall.)

7 feet

JudyKristinCharlie
Triple Stumper
    $400 2
a lineup

Charlie
    $1,000 5
the boot

Charlie
    $600 13
Katharine McPhee

Triple Stumper
    $600 19
Captain Planet

Triple Stumper
    $600 10
the Baltic Sea

Kristin
    $600 28
the spread

Charlie
    $600 21
motive

Charlie
    $800 6
Sri Lanka

Charlie
    $800 16
Ally Sheedy

Kristin
    $800 20
the Americans with Disabilities Act

Charlie
    $800 15
Sweden

Kristin
    $800 27
dread

Judy
    $800 22
(Charlie: What is a modus operandi?)

a serial killer

KristinCharlie
    $1000 7
the Ukraine

Charlie
    $1000 17
She's All That

Triple Stumper
    $1000 24
(Charlie: What is Acrobat?)
(Judy: What is Adobe Reader?)

Photoshop

JudyCharlie
Triple Stumper
    $1000 29
[The end-of-round signal sounds.]

the Hermitage

Charlie
    $1000 26
the thread

Judy
    $1000 23
(Alex: And we want to thank Kyra Sedgwick, a recent Emmy winner, for helping us out. She's the star of The Closer, which, as you all know, airs Monday nights on TNT. Kristin, go again. Less than a minute now.)

the Miranda decision

Kristin

Scores at the first commercial break (after clue 15):

Judy Kristin Charlie
-$200 $1,200 $3,800

Scores at the end of the Jeopardy! Round:

Judy Kristin Charlie
$800 $3,400 $5,000

Double Jeopardy! Round responses

SHAKESPEAREAN PORTMANTEAU
CELEBRITY MATCHES
MEMORABLE CONCERTS
10-LETTER WORDS
GUILDING
THE LILY
    $400 3
Twelfth Nightmare on Elm Street

Triple Stumper
    $400 1
Tiger Woods

Kristin
    $400 13
the New York Philharmonic

Charlie
    $4,000 8
childproof

Charlie
    $400 14
the Writers Guild of America

Kristin
    $400 23
(Amelia) Bloomer

Charlie
    $800 4
Hamlet It Be

Charlie
    $800 2
the Kardashians

Charlie
    $800 22
Bach

Charlie
    $800 9
commissary

Judy
    $800 15
the American Federation of Labor

Charlie
    $800 24
the Book of Matthew

Triple Stumper
    $1200 5
(Charlie: What is Antony and Cleopatrapeze?)

Antony and Cleopatrampoline

Charlie
Triple Stumper
    $1200 19
Mike Tyson

Triple Stumper
    $1200 10
levitation

Kristin
    $1200 16
(Alex: Yes, indeed. Knew you'd get that.)

the American Federation of Teachers

Judy
    $1200 25
the lotus

Kristin
    $1600 6
(Judy: What's All's Well That Ends Well?)

All's Well That Ends Well Done

JudyCharlie
    $1600 20
(Kristin: Who's Cohen?)
(Alex: More specific.)

Sacha Baron Cohen

Kristin
    $1600 11
buttermilk

Judy
    $1600 17
Brotherhood

Charlie
    $1600 26
Monet

Judy
    $2000 7
(Alex: Yeah. You're not gonna see this category again, folks!)

Titus Andronicuspidor

Triple Stumper
    $2000 21
(Emily) Blunt

Charlie
    $2000 12
a retraction

Judy
    $2000 18
(Judy: What are the International Workers of the World?)

Industrial Workers of the World

Judy
Triple Stumper
    $2000 27
(Charlie: Who is Russet?)
[The end-of-round signal sounds.]

Luther Burbank

Charlie
Triple Stumper

Scores at the end of the Double Jeopardy! Round:

Judy Kristin Charlie
$4,400 $8,200 $15,000

[wagering suggestions for these scores]

Final Jeopardy! Round responses

THE CIVIL WAR
JudyWhat are Austin and Tallahasee?
$4,400
KristinWhat are Tallahasse + Baton Rouge?
$7,800
CharlieWhat is Austin and Tallahassee
$2,000
Tallahassee & Austin

Final scores:

Judy Kristin Charlie
$8,800 $400 $17,000
2nd place: $2,000 3rd place: $1,000 New champion: $17,000

Game dynamics:

Coryat scores:

Judy Kristin Charlie
$4,400 $8,200 $11,000
9 R,
4 W
11 R,
2 W
22 R
(including 2 DDs),
5 W

Combined Coryat: $23,600

[game clues] [game scores] [suggest correction]

Game tape date: 2010-09-01
The J! Archive is created by fans, for fans. Scraping, republication, monetization, and malicious use prohibited; this site may use cookies and collect identifying information. See terms. The Jeopardy! game show and all elements thereof, including but not limited to copyright and trademark thereto, are the property of Jeopardy Productions, Inc. and are protected under law. This website is not affiliated with, sponsored by, or operated by Jeopardy Productions, Inc. Join the discussion at JBoard.tv.